LEADER 01043nam0-22002891i-450- 001 990001781790403321 005 20130214105819.0 035 $a000178179 035 $aFED01000178179 035 $a(Aleph)000178179FED01 035 $a000178179 100 $a20030910d1925----km-y0itay50------ba 101 0 $aita 102 $aIT 200 1 $aRelazione al Consiglio Superiore di Sanità intorno agli atti compiuti dall'amministrazione della sanità pubblica dal 1 luglio 1924 al 31 maggio 1925 210 $aRoma$cProvveditorato generale dello Stato$d1925 215 $a175$d30 cm 610 0 $aSalute pubblica 676 $a353.007 7 710 01$aItalia.$bDirezione generale della sanità pubblica$0289563 801 0$aIT$bUNINA$gRICA$2UNIMARC 901 $aBK 912 $a990001781790403321 952 $a60 MISC. A 6/20$fFAGBC 959 $aFAGBC 996 $aRelazione al Consiglio Superiore di Sanità intorno agli atti compiuti dall'amministrazione della sanità pubblica dal 1 luglio 1924 al 31 maggio 1925$9409398 997 $aUNINA LEADER 01272nam 2200421 450 001 9910467637903321 005 20211103210658.0 010 $a1-949443-73-6 035 $a(CKB)4100000007545883 035 $a(MiAaPQ)EBC5638719 035 $a(Au-PeEL)EBL5638719 035 $a(OCoLC)1083461021 035 $a(EXLCZ)994100000007545883 100 $a20190212d2019 uy 0 101 0 $aeng 135 $aurcnu|||||||| 181 $ctxt$2rdacontent 182 $cc$2rdamedia 183 $acr$2rdacarrier 200 10$aBusiness report guides $eresearch reports and business plans /$fDorinda Clippinger 210 1$aNew York, NY :$cBusiness Expert Press,$d[2019] 210 4$d©2019 215 $a1 online resource (206 pages) 225 1 $aCorporate communication collection 311 $a1-949443-72-8 410 0$aCorporate communication collection. 606 $aBusiness report writing$xComputer programs 608 $aElectronic books. 615 0$aBusiness report writing$xComputer programs. 676 $a005.758 700 $aClippinger$b Dorinda$0898439 801 0$bMiAaPQ 801 1$bMiAaPQ 801 2$bMiAaPQ 906 $aBOOK 912 $a9910467637903321 996 $aBusiness report guides$92092400 997 $aUNINA LEADER 03798oam 2200889 c 450 001 9911018845503321 005 20260302090207.0 010 $a3-657-79812-9 024 7 $a10.30965/9783657798124 035 $a(MiAaPQ)EBC32153584 035 $a(Au-PeEL)EBL32153584 035 $a(CKB)39262765400041 035 $a(nllekb)BRILL9783657798124 035 $a(OCoLC)1524424846 035 $a(Brill | Scho?ningh)9783657798124 035 $a(Brill | Schöningh)9783657798124 035 $a(EXLCZ)9939262765400041 100 $a20260302d2025 uy 0 101 0 $ager 135 $aurcnu|||||||| 181 $ctxt$2rdacontent 182 $cc$2rdamedia 183 $acr$2rdacarrier 200 10$aReligiöse Sozialisation (muslimischer) Jugendlicher in mediatisierter Welt$eEine qualitativ-rekonstruktive Studie zum Schnittbereich von Medien und Religion$fErkan Binici 205 $a1st ed. 210 $aPaderborn$cBrill | Schöningh$d2025 215 $a1 online resource (0 pages) 225 0 $aReligionspädagogik in pluraler Gesellschaft$v36 311 08$a3-506-79812-X 320 $aIncludes bibliographical references and index. 330 $aIn seiner Studie untersucht Erkan Binici auf Basis von Interviews und der dokumentarischen Methode wie (muslimische) Jugendliche zwischen 12 und 19 Jahren in ihrer alltäglichen Mediennutzung Religion wahrnehmen und deuten. Seine Ergebnisse zeigen, dass die Jugendlichen in ihrem Umgang mit Medien und Religion (in Medien) Selbst- und Weltdeutung verhandeln. Die vorliegende Studie liefert wertvolle Impulse für die (Islamische) Religionspädagogik, Medienpädagogik und Bildungsarbeit. Die Untersuchung leistet einen wichtigen Beitrag zur Gestaltung einer Religionspädagogik, die den mediatisierten Lebenswelten der Jugendlichen gerecht wird und medien- sowie diskriminierungskritische Haltungen fördert, um einen kompetenten Umgang mit den Wechselwirkungen von Religion und Medien in einer pluralen und von Digitalität geprägten Gesellschaft zu ermöglichen. 410 0$aReligionspa?dagogik in pluraler Gesellschaft ;$v36. 410 0$aScho?ningh, Fink and mentis Religious Studies, Theology and Philosophy E-Books Online, Collection 2025. 606 $aIslamische Religionspädagogik 606 $aDigitalität 606 $areligiöse Bildung 606 $aMediatisierung 606 $aDiskriminierungskritik 606 $aIslam und Medien 606 $aDokumentarische Methode 606 $aEmpirische Religionsforschung 606 $aMuslimische Jugendliche 606 $aslamic Religious Education 606 $aDigitality 606 $aReligious Education 606 $aMediatization 606 $aDiscrimination 606 $aIslam and Media 606 $aDocumentary Method 606 $aEmpirical Religious Studies 606 $aMuslim Youth 615 4$aIslamische Religionspädagogik 615 4$aDigitalität 615 4$areligiöse Bildung 615 4$aMediatisierung 615 4$aDiskriminierungskritik 615 4$aIslam und Medien 615 4$aDokumentarische Methode 615 4$aEmpirische Religionsforschung 615 4$aMuslimische Jugendliche 615 4$aslamic Religious Education 615 4$aDigitality 615 4$aReligious Education 615 4$aMediatization 615 4$aDiscrimination 615 4$aIslam and Media 615 4$aDocumentary Method 615 4$aEmpirical Religious Studies 615 4$aMuslim Youth 676 $a220.4/2 700 $aBinici$b Erkan$4aut$01842127 801 0$bNL-LeKB 801 1$bNL-LeKB 906 $aBOOK 912 $a9911018845503321 996 $aReligio?se Sozialisation (muslimischer) Jugendlicher in mediatisierter Welt$94422096 997 $aUNINA